Фауна СССР. Фауна СССР | Насекомые таракановые (Запись № 8098454)

Подробности
000 -МАРКЕР
контрольное поле 02415nam0a22004211 4500
001 - ИДЕНТИФИКАТОР ЗАПИСИ
контрольное поле rc\4214754
005 - ИДЕНТИФИКАТОР ВЕРСИИ
контрольное поле 20260407072605.0
010 ## - МЕЖДУНАРОДНЫЙ СТАНДАРТНЫЙ НОМЕР КНИГИ (ISBN)
Уточнения В пер.
Цена 28 р.
Тираж 2000
021 ## - НОМЕР ГОСУДАРСТВЕННОЙ РЕГИСТРАЦИИ
Код страны Российская Федерация
Номер [50-18298]
035 ## - ДРУГИЕ СИСТЕМНЫЕ НОМЕРА
Идентификатор записи (NLR Aleph) 008211333
100 ## - ДАННЫЕ ОБЩЕЙ ОБРАБОТКИ
Данные общей обработки 20130415d1950 |||y0rusy50 ca
101 0# - ЯЗЫК РЕСУРСА
Язык текста, звукозаписи и т.д. русский
-- латинский
102 ## - СТРАНА ПУБЛИКАЦИИ ИЛИ ПРОИЗВОДСТВА
Страна публикации Российская Федерация
105 ## - ПОЛЕ КОДИРОВАННЫХ ДАННЫХ: ТЕКСТОВЫЕ МАТЕРИАЛЫ, МОНОГРАФИЧЕСКИЕ
Кодированные данные о монографическом текстовом документе ab z |||||
200 1# - ЗАГЛАВИЕ И СВЕДЕНИЯ ОБ ОТВЕТСТВЕННОСТИ
Основное заглавие Фауна СССР
-- Насекомые таракановые
Первые сведения об ответственности Г.Я. Бей-Биенко
Последующие сведения об ответственности глав. ред. акад. Е.Н. Павловский, ред. А.А. Штакельберг
210 ## - ПУБЛИКАЦИЯ, РАСПРОСТРАНЕНИЕ И ДР.
Место издания, распространения и т.д. Москва
-- Ленинград
Имя издателя, распространителя и т. д. издательство и 1-я типография Издательства Академии наук СССР
Дата издания, распространения и т.д. 1950
Место изготовления в Ленинграде
215 ## - ФИЗИЧЕСКАЯ ХАРАКТЕРИСТИКА
Специфическое обозначение материала и объем 344 с.
Другие сведения о физической характеристике ил., карт.
Размеры 26
225 1# - СЕРИЯ
Основное заглавие серии Новая серия
Сведения об ответственности Зоологический ин-т Акад. наук СССР
Обозначение тома № 40
320 ## - ПРИМЕЧАНИЯ О НАЛИЧИИ В ДОКУМЕНТЕ БИБЛИОГРАФИИ / УКАЗАТЕЛЯ
Текст примечания Библиогр.: с. 100-107
461 #0 - УРОВЕНЬ НАБОРА
Встроенное поле 001rc\4214753
-- 2001#$aФауна СССР$i[Таракановые]$fглав. ред. акад. Е.Н. Павловский
Системный номер (АБИС) связанной записи 8098448
Место публикации Москва
Дата публикации 1950
Первые сведения об ответственности глав. ред. акад. Е.Н. Павловский
Заглавие части [Таракановые]
Имя издателя, распространителя и т.д. издаельство и 1-я типография Издательства Академии наук СССР
Заглавие Фауна СССР
540 1# - ДОПОЛНИТЕЛЬНОЕ ЗАГЛАВИЕ, ПРИМЕНЯЕМОЕ КАТАЛОГИЗАТОРОМ
Заглавие Таракановые
606 1# - НАИМЕНОВАНИЕ ТЕМЫ КАК ПРЕДМЕТ
Наименование темы Животные
Географический подзаголовок СССР
Системный номер авторитетной/нормативной записи 1000809
Идентификатор авторитетной/нормативной записи RU\NLR\AUTH\6661770
606 1# - НАИМЕНОВАНИЕ ТЕМЫ КАК ПРЕДМЕТ
Наименование темы Таракановые
Системный номер авторитетной/нормативной записи 1752419
Идентификатор авторитетной/нормативной записи RU\NLR\AUTH\66785167
606 1# - НАИМЕНОВАНИЕ ТЕМЫ КАК ПРЕДМЕТ
Наименование темы Тараканы
Системный номер авторитетной/нормативной записи 1455827
Идентификатор авторитетной/нормативной записи RU\NLR\AUTH\66617244
686 0# - ИНДЕКСЫ ДРУГИХ КЛАССИФИКАЦИЙ
Индекс Е685.9(2)
Код системы
686 0# - ИНДЕКСЫ ДРУГИХ КЛАССИФИКАЦИЙ
Индекс Е691.892.3(2)
Код системы
700 #1 - ИМЯ ЛИЦА - ПЕРВИЧНАЯ ОТВЕТСТВЕННОСТЬ
Графика поля Кириллица
Материалы, к которым относится поле rus
Начальный элемент ввода Бей-Биенко
Часть имени, кроме начального элемента ввода Г. Я.
Даты 1903-1971
Расширение инициалов личного имени Григорий Яковлевич
Системный номер авторитетной/нормативной записи 106734
Идентификатор авторитетной/нормативной записи RU\NLR\AUTH\77123809
702 ## - ИМЯ ЛИЦА - ВТОРИЧНАЯ ОТВЕТСТВЕННОСТЬ
Код отношения Прочие
Графика поля Кириллица
Материалы, к которым относится поле rus
Начальный элемент ввода Павловский
Часть имени, кроме начального элемента ввода Е. Н.
Даты 1884-1965
Расширение инициалов личного имени Евгений Никанорович
Системный номер авторитетной/нормативной записи 176841
Идентификатор авторитетной/нормативной записи RU\NLR\AUTH\770176892
702 #1 - ИМЯ ЛИЦА - ВТОРИЧНАЯ ОТВЕТСТВЕННОСТЬ
Код отношения Редактор
Графика поля Кириллица
Материалы, к которым относится поле rus
Начальный элемент ввода Штакельберг
Часть имени, кроме начального элемента ввода А. А.
Даты 1897-1975
Расширение инициалов личного имени Александр Александрович
Системный номер авторитетной/нормативной записи 244390
Идентификатор авторитетной/нормативной записи RU\NLR\AUTH\770244446
712 02 - НАИМЕНОВАНИЕ ОРГАНИЗАЦИИ - ВТОРИЧНАЯ ОТВЕТСТВЕННОСТЬ
Код отношения Издатель
Начальный элемент ввода Зоологический институт
Идентифицирующий признак Ленинград
Системный номер авторитетной/нормативной записи 273993
Идентификатор авторитетной/нормативной записи RU\NLR\AUTH\881770
801 #0 - ИСТОЧНИК ЗАПИСИ
Страна Российская Федерация
Организация NLR
Дата составления 20130415
Правила каталогизации psbo
801 #1 - ИСТОЧНИК ЗАПИСИ
Страна Российская Федерация
Организация ELAR
Дата составления 20130415
Источник данных rusmarc
801 #2 - ИСТОЧНИК ЗАПИСИ
Страна Российская Федерация
Организация NLR
Дата составления 20141226
Источник данных rusmarc
852 ## - МЕСТОНАХОЖДЕНИЕ И ШИФР ХРАНЕНИЯ
Идентификатор организации NLR
Шифр хранения (Call Number) З02 Г-7/65
942 ## - ДОПОЛНИТЕЛЬНЫЕ ЭЛЕМЕНТЫ ЗАПИСИ (АБИС)
Тип экземпляра АБИС Книга
980 ## - КОЛЛЕКЦИЯ
Название коллекции Национальная библиография
Экземпляры
Тип экземпляра Дата поступления Библиотека постоянного хранения Библиотека текущего хранения Место хранения Шифр хранения Штрих-код Статус экземпляра Источник поступления
Книга 26.06.2014 РНБ (Московский) РНБ (Московский) Фонд общего зала литературы по биологии и медицине М1 Е6/Ф-284 1-573131   Обязательный экземпляр
Книга 26.10.2013 РНБ (Садовая) РНБ (Садовая) Русский книжный фонд -Главное здание, Ленинский читальный зал З02 Г-7/65 8211333-10